000 01021cam a2200289 4500
008 090401t1993 xxu||||| |||| 00| 0 eng d
020 _a0905770218
035 _a(Sirsi) u46469
041 _aeng
050 _a333.72
100 _aHealey, Patsy
245 4 _aThe treatment of Environment by planners: evolving concepts and policies in development plans.
260 _aNewcastle upon Tyne
_bUniversity of Newcastle upon Tyne
_c1993
300 _a52p. ; 30cm.
350 _a12
490 _aWorking Paper
_v31
520 _aExamines the role sustainability and environmental issues has played in development plans from the end of the Second World War to the 1990s.
650 _aCENTRE FOR RESEARCH IN EUROPEAN URBAN ENVIRONMENTS
650 _aDEVELOPMENT PLANS
650 _aENVIRONMENTAL ISSUES
650 _aSUSTAINABLE DEVELOPMENT
690 _aENVIRONMENTAL AND LAND CONSULTANCY
700 _aShaw, Tim
710 _aUniversity of Newcastle Upon Tyne
_9527
942 _n0
948 _c04/03/1997
999 _c91926
_d91926